| 000 | 00737nam a2200205Ia 4500 | ||
|---|---|---|---|
| 001 | 16903 | ||
| 003 | GE_BSU | ||
| 008 | 181216s||||||||xx |||||||||||||| ||und|| | ||
| 040 | _cGE_BSU | ||
| 080 | _a821.161.1-1 + 821.161.1-32 | ||
| 100 | _aტიხონოვი, ნიკოლოზ | ||
| 245 | _aრჩეული.ლექსები. პოემები. მოთხრობები | ||
| 245 | _cრედ.: გ. ლეონიძე | ||
| 260 | _aთბილისი | ||
| 260 | _bსაბჭ. საქართველო | ||
| 260 | _c1959 | ||
| 300 | _a310გვ. : 1ფ. პორტრ. ; 20სმ | ||
| 653 | _aლექსები. პოემები. მოთხრობები | ||
| 942 | _cBK | ||
| 999 |
_c49967 _d49967 |
||